000 00741nam a22002774a 4500
001 UByD003255
003 AR-LpoUNG
005 20240930091825.0
008 240930s2016 ag 000 e spa d
020 _a9789877120974
040 _aAR-LpoUNG
_bspa
_cAR-LpoUNG
_eaacr
041 0 _aspa
082 0 _aA864 15int
100 1 _aKamenszain, Tamara
245 1 4 _aUna intimidad inofensiva :
_blos que escriben con lo que hay
250 _a1ra. ed.
260 _aBuenos Aires :
_bEterna Cadencia,
_c2016.
300 _a138 p.
650 4 _aLITERATURA
650 4 _aENSAYO
650 4 _aANALISIS LITERARIO
650 4 _aCRITICA LITERARIA
650 4 _aAPRECIACION LITERARIA
653 0 _aLITERATURA ARGENTINA
942 _2ddc
_cLIB
999 _c65906
_d65906